000 00807nam a2200265 a 4500
001 51809
003 BD-RjUL
005 20211209075721.0
008 160904s1955 nyua 001 0 eng
035 _a(BD-RjUL)51929
040 _aDLC
_cYNG
_dOCL
_dSER
_dUKM
_dEQO
_dBD-RjUL
_beng
041 _aeng
082 _a530
_223
_bWHP 1955
100 1 _aWhite, Marsh W.
_q(Marsh William),
_d1896-1999.
_9154979
245 1 0 _aPractical physics /
_cMarsh W. White, Kenneth V. Manning [and] Robert L. Weber.
250 _a2d ed.
260 _aNew York :
_bMcGraw-Hill,
_cc1955.
300 _axii, 484 p. :
_bill. ;
_c24 cm.
500 _aIncludes index
650 0 _aPhysics.
_9154980
700 _aManning, Kenneth V.
_9154981
700 _aWeber, Robert L.
_9154982
942 _2ddc
_cBK
999 _c51809
_d51809